000 01019nam a2200313 i 4500
003 EG-GICUC
005 20260304152319.0
008 260304s2007 fr ||||fr|||| 00| 0 fre d
040 _aEG-GiCUC
_bfre
_cEG-GiCUC
_dEG-GiCUC
_eRda
082 0 4 _221
_a341.48
_bBE . J
092 0 4 _221
099 _aLaw1 11 341.48 BE . J 2007
100 1 _aBerger, Vincent
_eAuteur
245 1 0 _aJurisprudence De La Cour Européenne Des Droits De L'homme /
_b
_cVincent Berger ; Louis-edmond Pettiti.
_n
250 _a10° Édition
264 1 _aParis :
_bDalloz,
_c2007.
300 _a836page :
_billustration ;
_c 24 cm.
336 _2rda contenu
_a texte
337 _2rda medias
_aOrdinateur
338 _2 transporteur rda
_a Ressource en ligne
504 _a
546 _aTexte en français
650 1 4 _aDroit international public
_2
651 1 _2
700 1 _aPettiti, Louis-edmond
_ePréfacier
856 4 0 _uhttps://fll.law.cu.edu.eg/fulltext/bks/B11-08631.pdf
905 _a50
942 _2ddc
_cBK
_e21
_n0
999 _c64934
_d64934